[Event "Mittelfrank Regionalliga Nord-West 2223"]
[Site "Mittelfranken"]
[Date "2023.04.23"]
[Round "9.2"]
[White "Goehring, Karl Heinz"]
[Black "Bardorz, Jana"]
[Result "0-1"]
[WhiteElo "2067"]
[BlackElo "2091"]
[PlyCount "50"]
[EventDate "2022.10.09"]
[EventType "team-tourn"]
[EventRounds "9"]
[EventCountry "GER"]
[SourceTitle "EXT 2024"]
[Source "ChessBase"]
[SourceDate "2023.10.10"]
[SourceVersion "1"]
[SourceVersionDate "2023.10.10"]
[SourceQuality "1"]
[WhiteTeam "Schweinfurt"]
[BlackTeam "Rottendorf"]
[WhiteTeamCountry "GER"]
[BlackTeamCountry "GER"]

1. d4 d5 2. c4 e6 3. Nc3 Nf6 4. Nf3 a6 5. c5 b6 6. cxb6 c5 7. dxc5 Bxc5 8. Na4 Bxb6 9. Nxb6 Qxb6 10. e3 0-0 11. Be2 Nc6 12. 0-0 a5 13. b3 Ba6 14. Bxa6 Rxa6 15. Bb2 Ne4 16. Nd4 a4 17. Nxc6 Qxc6 18. Qd4 f6 19. Rac1 Qb7 20. Ba3 Rb8 21. b4 Nd6 22. Qd3 Nc4 23. Rb1 Rb6 24. e4 Nxa3 25. Qxa3 Rxb4 0-1

[Event "Mittelfrank Regionalliga Nord-West 2223"]
[Site "Mittelfranken"]
[Date "2022.11.27"]
[Round "3.1"]
[White "Kartsev, Alexandr"]
[Black "Goehring, Karl Heinz"]
[Result "1-0"]
[WhiteElo "2124"]
[BlackElo "2067"]
[PlyCount "81"]
[EventDate "2022.10.09"]
[EventType "team-tourn"]
[EventRounds "9"]
[EventCountry "GER"]
[SourceTitle "EXT 2024"]
[Source "ChessBase"]
[SourceDate "2023.10.10"]
[SourceVersion "1"]
[SourceVersionDate "2023.10.10"]
[SourceQuality "1"]
[WhiteTeam "Bad Neustadt"]
[BlackTeam "Schweinfurt"]
[WhiteTeamCountry "GER"]
[BlackTeamCountry "GER"]

1. e4 e5 2. Nf3 Nc6 3. Bb5 a6 4. Ba4 Nf6 5. 0-0 Be7 6. Re1 b5 7. Bb3 d6 8. c3 0-0 9. d3 Na5 10. Bc2 c5 11. Nbd2 Nc6 12. Nf1 Qc7 13. Ng3 Re8 14. h3 h6 15. Nh4 Bf8 16. Nhf5 Kh7 17. a4 b4 18. Bd2 Rb8 19. Qc1 Ng8 20. f4 Be6 21. fxe5 dxe5 22. Kh2 Qd7 23. Ne3 Red8 24. Re2 g6 25. Rf2 Bg7 26. Qf1 Rb7 27. Qe2 Qe7 28. Raf1 Rbd7 29. Bc1 a5 30. Rf3 Qh4 31. R1f2 Nf6 32. Kg1 Ne7 33. Ngf1 Nh5 34. g3 Nxg3 35. Rxg3 Ng8 36. Ng2 Qe7 37. Nfe3 h5 38. Qf1 Nh6 39. Ne1 Qh4 40. Qg2 Qe7 41. Nf3 1-0

[Event "Oberliga Bayern 1617"]
[Site "Bayern"]
[Date "2016.11.20"]
[Round "2.5"]
[White "Bergauz, Avigdor"]
[Black "Goehring, Karl Heinz"]
[Result "1/2-1/2"]
[WhiteElo "2131"]
[BlackElo "2116"]
[PlyCount "37"]
[EventDate "2016.10.16"]
[EventType "team-tourn"]
[EventRounds "9"]
[EventCountry "GER"]
[SourceTitle "EXT 2019"]
[Source "ChessBase"]
[SourceDate "2018.10.10"]
[SourceVersion "1"]
[SourceVersionDate "2018.10.10"]
[SourceQuality "1"]
[WhiteTeam "Muenchen Suedost"]
[BlackTeam "Schweinfurt"]
[WhiteTeamCountry "GER"]
[BlackTeamCountry "GER"]

1. Nf3 d5 2. g3 c6 3. Bg2 Bf5 4. 0-0 e6 5. c4 Nd7 6. b3 h6 7. Bb2 Ngf6 8. Nc3 Be7 9. d3 0-0 10. Rc1 Re8 11. Rc2 Bh7 12. Qa1 Bf8 13. Rd1 Qb8 14. Qc1 a5 15. Ba3 Bb4 16. Bb2 Bf8 17. Ba3 Bb4 18. Bb2 Bf8 19. Ba3 1/2-1/2

[Event "Landesliga Nord 1415"]
[Site "Bayern"]
[Date "2014.12.07"]
[Round "4.4"]
[White "Mittag, Ralf"]
[Black "Goehring, Karl Heinz"]
[Result "1-0"]
[WhiteElo "2101"]
[BlackElo "2116"]
[PlyCount "53"]
[EventDate "2014.10.19"]
[EventType "team-tourn"]
[EventRounds "9"]
[EventCountry "GER"]
[SourceTitle "EXT 2018"]
[Source "ChessBase"]
[SourceDate "2017.10.13"]
[SourceVersion "1"]
[SourceVersionDate "2017.10.13"]
[SourceQuality "1"]
[WhiteTeam "Bamberg SC"]
[BlackTeam "Schweinfurt"]
[WhiteTeamCountry "GER"]
[BlackTeamCountry "GER"]

1. c4 e5 2. Nc3 Nf6 3. g3 Bb4 4. Bg2 0-0 5. Qb3 Bxc3 6. Qxc3 Re8 7. Nf3 Nc6 8. 0-0 d5 9. cxd5 Nxd5 10. Qc5 Be6 11. d3 f6 12. Bd2 Qd7 13. Rfc1 Nde7 14. b4 a6 15. a4 b6 16. Qc3 Rac8 17. a5 bxa5 18. bxa5 Rb8 19. Be3 Rb3 20. Qc2 Rb5 21. Nd2 Bd5 22. Ne4 Reb8 23. Nc5 Qd6 24. Nxa6 Ra8 25. Bxd5+ Rxd5 26. Qc4 Kf8 27. Bc5 1-0

[Event "Landesliga Nord 1415"]
[Site "Bayern"]
[Date "2014.10.19"]
[Round "1.4"]
[White "Hirn, Oskar"]
[Black "Goehring, Karl Heinz"]
[Result "1-0"]
[WhiteElo "2126"]
[BlackElo "2116"]
[PlyCount "87"]
[EventDate "2014.10.19"]
[EventType "team-tourn"]
[EventRounds "9"]
[EventCountry "GER"]
[SourceTitle "EXT 2018"]
[Source "ChessBase"]
[SourceDate "2017.10.13"]
[SourceVersion "1"]
[SourceVersionDate "2017.10.13"]
[SourceQuality "1"]
[WhiteTeam "Nuernberg NT II"]
[BlackTeam "Schweinfurt"]
[WhiteTeamCountry "GER"]
[BlackTeamCountry "GER"]

1. Nf3 d5 2. g3 c6 3. Bg2 Bg4 4. h3 Bh5 5. c4 e6 6. 0-0 Nd7 7. Nc3 Ngf6 8. b3 Be7 9. Bb2 0-0 10. d3 h6 11. Rc1 Bg6 12. Rc2 Qa5 13. Qa1 Rfd8 14. cxd5 exd5 15. a3 Re8 16. b4 Qd8 17. Rd1 Bf8 18. e3 Qe7 19. Qb1 Nb6 20. Ne2 Nbd7 21. Nf4 Bh7 22. Bd4 Rac8 23. Qb3 a6 24. Rdc1 Qd6 25. Rc3 Qb8 26. Qb2 Qd6 27. Bc5 Qb8 28. Bxf8 Rxf8 29. a4 Qd6 30. h4 Rfe8 31. Bh3 Rcd8 32. Qb3 Nb6 33. b5 cxb5 34. axb5 a5 35. Nd4 g5 36. hxg5 hxg5 37. Nfe2 a4 38. Qa2 Qb4 39. Rb1 Qd6 40. Rbc1 Qb4 41. Qa1 Ra8 42. Bf5 Qd6 43. Bxh7+ Nxh7 44. Rc7 1-0

[Event "GER-chT Seniors 23rd"]
[Site "Bergen"]
[Date "2014.09.05"]
[Round "6.1"]
[White "Goehring, Karl Heinz"]
[Black "Herbrechtsmeier, Christof"]
[Result "0-1"]
[WhiteElo "2336"]
[BlackElo "2264"]
[PlyCount "88"]
[EventDate "2014.09.01"]
[EventType "team-swiss"]
[EventRounds "7"]
[EventCountry "GER"]
[SourceTitle "EXT 2018"]
[Source "ChessBase"]
[SourceDate "2017.10.13"]
[SourceVersion "1"]
[SourceVersionDate "2017.10.13"]
[SourceQuality "1"]

1. d4 g6 2. c4 Nf6 3. Nc3 d5 4. Nf3 Bg7 5. e3 0-0 6. cxd5 Nxd5 7. Bc4 Nb6 8. Bb3 c5 9. 0-0 cxd4 10. Nxd4 a6 11. Qe2 e5 12. Nf3 Nc6 13. Rd1 Qe7 14. e4 Bg4 15. Be3 Nd4 16. Bxd4 exd4 17. Nd5 Nxd5 18. Bxd5 Rad8 19. Qd3 Be6 20. Nxd4 Bxd5 21. exd5 Rxd5 22. Qe2 Re8 23. Qxe7 Rxe7 24. Nf3 Bxb2 25. Rxd5 Bxa1 26. Kf1 h5 27. h4 Kg7 28. Rd6 Bf6 29. g3 Rc7 30. Rb6 Be7 31. Ng5 Bc5 32. Rb3 b5 33. Rd3 a5 34. Rd5 b4 35. Ne4 Bb6 36. Rb5 Rc1+ 37. Kg2 Bc7 38. Rb7 Rc2 39. Kf3 Kf8 40. Nf6 Ke7 41. Nd5+ Kd6 42. Nxc7 Rxc7 43. Rb5 Rc5 44. Rb6+ Ke7 0-1

[Event "GER-chT Seniors 23rd"]
[Site "Bergen"]
[Date "2014.09.04"]
[Round "4.1"]
[White "Goehring, Karl Heinz"]
[Black "Weidlich, Guenter"]
[Result "1/2-1/2"]
[WhiteElo "2336"]
[BlackElo "2224"]
[PlyCount "30"]
[EventDate "2014.09.01"]
[EventType "team-swiss"]
[EventRounds "7"]
[EventCountry "GER"]
[SourceTitle "EXT 2018"]
[Source "ChessBase"]
[SourceDate "2017.10.13"]
[SourceVersion "1"]
[SourceVersionDate "2017.10.13"]
[SourceQuality "1"]

1. d4 d5 2. c4 c6 3. Nc3 Nf6 4. Nf3 g6 5. e3 Bg7 6. Be2 0-0 7. 0-0 a6 8. b3 Ne4 9. Bb2 Nxc3 10. Bxc3 Nd7 11. Rc1 Nf6 12. cxd5 Nxd5 13. Bb2 Nf6 14. Ne5 Nd7 15. Nd3 Re8 1/2-1/2

[Event "Landesliga Nord 1314"]
[Site "Bayern"]
[Date "2014.02.23"]
[Round "7.3"]
[White "Wenninger, Philipp"]
[Black "Goehring, Karl Heinz"]
[Result "1/2-1/2"]
[WhiteElo "2239"]
[BlackElo "2336"]
[PlyCount "81"]
[EventDate "2013.10.13"]
[EventType "team"]
[EventRounds "9"]
[EventCountry "GER"]
[SourceTitle "EXT 2015"]
[Source "ChessBase"]
[SourceDate "2014.11.20"]
[SourceVersion "1"]
[SourceVersionDate "2014.11.20"]
[SourceQuality "1"]
[WhiteTeam "Erlangen"]
[BlackTeam "Schweinfurt"]
[WhiteTeamCountry "GER"]
[BlackTeamCountry "GER"]

1. d4 Nf6 2. Bg5 e6 3. e4 h6 4. Bxf6 Qxf6 5. Nc3 d6 6. Nf3 g6 7. Bd3 Qe7 8. Qe2 Bg7 9. 0-0 0-0 10. Rad1 Nc6 11. e5 d5 12. Nb1 Nb4 13. Bb5 a6 14. Ba4 b5 15. Bb3 c5 16. c3 Nc6 17. Bc2 cxd4 18. cxd4 Nb4 19. Bb3 a5 20. a3 a4 21. axb4 axb3 22. Qd2 Ra4 23. Nc3 Rxb4 24. Ra1 Rc4 25. Nxb5 Rc2 26. Qd3 Rxb2 27. Nd6 Qc7 28. Rfc1 Rc2 29. Rxc2 bxc2 30. Rc1 Bd7 31. Rxc2 Qb6 32. h4 Rd8 33. Rc3 Bf8 34. Nxf7 Kxf7 35. h5 Rc8 36. Qxg6+ Ke7 37. Qf6+ Ke8 38. Qg6+ Ke7 39. Qf6+ Ke8 40. Qg6+ Ke7 41. Qf6+ 1/2-1/2

[Event "Landesliga Nord 1314"]
[Site "Bayern"]
[Date "2014.01.19"]
[Round "5.2"]
[White "Goehring, Karl Heinz"]
[Black "Giessmann, Stephan"]
[Result "0-1"]
[WhiteElo "2336"]
[BlackElo "2259"]
[PlyCount "76"]
[EventDate "2013.10.13"]
[EventType "team"]
[EventRounds "9"]
[EventCountry "GER"]
[SourceTitle "EXT 2015"]
[Source "ChessBase"]
[SourceDate "2014.11.20"]
[SourceVersion "1"]
[SourceVersionDate "2014.11.20"]
[SourceQuality "1"]
[WhiteTeam "Schweinfurt"]
[BlackTeam "Kelheim"]
[WhiteTeamCountry "GER"]
[BlackTeamCountry "GER"]

1. d4 d5 2. c4 e6 3. Nc3 c5 4. cxd5 exd5 5. Nf3 Nc6 6. g3 Nf6 7. Bg2 Be7 8. 0-0 0-0 9. Bg5 cxd4 10. Nxd4 h6 11. Be3 Re8 12. h3 Be6 13. Rc1 Rc8 14. Nxc6 bxc6 15. Na4 Ne4 16. Bxa7 Qa5 17. Bb6 Qb5 18. Be3 f5 19. b3 c5 20. Qd3 c4 21. Qd4 Bf6 22. Qb6 Qxb6 23. Bxb6 d4 24. bxc4 Bxc4 25. Bf3 Nd2 26. Bh5 Nxf1 27. Bxe8 Rxe8 28. Rxc4 Nd2 29. Rc2 Rxe2 30. Kg2 d3 31. Rc8+ Kh7 32. Nc3 Ne4 33. Nxe4 fxe4 34. Rc6 Rxa2 35. Be3 Bg5 36. Bxg5 hxg5 37. Kf1 Ra1+ 38. Kg2 d2 0-1

[Event "Landesliga Nord 1213"]
[Site "Bayern"]
[Date "2013.02.24"]
[Round "7.2"]
[White "Giessmann, Stephan"]
[Black "Goehring, Karl Heinz"]
[Result "1-0"]
[WhiteElo "2172"]
[BlackElo "2203"]
[PlyCount "100"]
[EventDate "2012.10.14"]
[EventType "team-tourn"]
[EventRounds "9"]
[EventCountry "GER"]
[SourceTitle "EXT 2015"]
[Source "ChessBase"]
[SourceDate "2014.11.20"]
[SourceVersion "1"]
[SourceVersionDate "2014.11.20"]
[SourceQuality "1"]
[WhiteTeam "Kelheim"]
[BlackTeam "Schweinfurt"]
[WhiteTeamCountry "GER"]
[BlackTeamCountry "GER"]

1. d4 Nf6 2. Bf4 d5 3. e3 e6 4. Bd3 c5 5. c3 Nc6 6. Nd2 Bd6 7. Bxd6 Qxd6 8. f4 cxd4 9. cxd4 Bd7 10. Ngf3 Rc8 11. a3 0-0 12. 0-0 a6 13. Ne5 Na7 14. Rf3 g6 15. Rh3 Bb5 16. Bxb5 Nxb5 17. g4 Qe7 18. g5 Nd7 19. Ndf3 Nd6 20. Qe1 f6 21. Nxd7 Qxd7 22. gxf6 Rxf6 23. Ng5 h5 24. Rg3 Nf5 25. Rg2 Qb5 26. Rc1 Rc4 27. Nf3 Qb3 28. Rxc4 dxc4 29. Re2 b6 30. Ne5 Nd6 31. Qb1 Nf5 32. Kf2 c3 33. Qd3 Qd5 34. Qxc3 g5 35. Qc6 gxf4 36. Qe8+ Kg7 37. exf4 Qxd4+ 38. Ke1 Qg1+ 39. Kd2 Nd6 40. Qd7+ Nf7 41. Nd3 Rg6 42. h3 Qf1 43. Rxe6 Rg2+ 44. Kc3 Rg3 45. Qd4+ Kf8 46. Rxb6 Qc1+ 47. Kb4 Qd2+ 48. Kc4 Qc2+ 49. Qc3 Qe2 50. Rb8+ Ke7 1-0

[Event "Landesliga Nord 1213"]
[Site "Bayern"]
[Date "2013.02.03"]
[Round "6.2"]
[White "Goehring, Karl Heinz"]
[Black "Yalcin, Alparslan"]
[Result "1/2-1/2"]
[WhiteElo "2203"]
[BlackElo "2029"]
[PlyCount "114"]
[EventDate "2012.10.14"]
[EventType "team-tourn"]
[EventRounds "9"]
[EventCountry "GER"]
[SourceTitle "EXT 2015"]
[Source "ChessBase"]
[SourceDate "2014.11.20"]
[SourceVersion "1"]
[SourceVersionDate "2014.11.20"]
[SourceQuality "1"]
[WhiteTeam "Schweinfurt"]
[BlackTeam "Kitzingen"]
[WhiteTeamCountry "GER"]
[BlackTeamCountry "GER"]

1. d4 Nf6 2. c4 g6 3. Nc3 Bg7 4. Bg5 0-0 5. Nf3 d6 6. e3 h6 7. Bh4 g5 8. Bg3 Nh5 9. Be2 Nxg3 10. hxg3 c5 11. dxc5 dxc5 12. Qc2 e6 13. Nd2 Nc6 14. 0-0-0 Qe7 15. Kb1 Rd8 16. Nde4 Bd7 17. f4 f5 18. Nf2 Be8 19. Rxd8 Rxd8 20. Rd1 Rxd1+ 21. Bxd1 Nb4 22. Qd2 Qd7 23. Qxd7 Bxd7 24. Ba4 Bxa4 25. Nxa4 b6 26. a3 Nc6 27. Kc2 Kf7 28. Nc3 Kg6 29. Ne2 Na5 30. b3 a6 31. Nc3 Bf6 32. Na4 Bd8 33. Nc3 Bf6 34. Na4 Bd8 35. Nc3 Kh5 36. Ne2 Bf6 37. e4 Ba1 38. exf5 exf5 39. Nd3 Nc6 40. b4 Nd4+ 41. Kd2 Ne6 42. Ke3 Bd4+ 43. Nxd4 Nxd4 44. bxc5 bxc5 45. Nxc5 Nc2+ 46. Kf3 Nxa3 47. Nxa6 Nxc4 48. Nc5 Nd2+ 49. Ke3 Kg4 50. Kxd2 Kxg3 51. fxg5 hxg5 52. Ke2 Kxg2 53. Ne6 g4 54. Nf4+ Kg3 55. Ke3 Kh2 56. Kf2 g3+ 57. Kf3 Kg1 1/2-1/2

[Event "Landesliga Nord 1011"]
[Site "Bayern"]
[Date "2011.02.27"]
[Round "7.2"]
[White "Goehring, Karl Heinz"]
[Black "Balin, Jan"]
[Result "0-1"]
[WhiteElo "2243"]
[BlackElo "2281"]
[PlyCount "138"]
[EventDate "2010.10.10"]
[EventType "team-tourn"]
[EventRounds "9"]
[EventCountry "GER"]
[SourceTitle "EXT 2012"]
[Source "ChessBase"]
[SourceDate "2011.11.24"]
[SourceVersion "1"]
[SourceVersionDate "2011.11.24"]
[SourceQuality "1"]
[WhiteTeam "Bamberg"]
[BlackTeam "Koetzting"]
[WhiteTeamCountry "GER"]
[BlackTeamCountry "GER"]

1. d4 Nf6 2. c4 e6 3. Nf3 d5 4. Nc3 Be7 5. Bg5 0-0 6. e3 Nbd7 7. Rc1 a6 8. cxd5 exd5 9. Bd3 c6 10. Qc2 Re8 11. 0-0 Nf8 12. a3 Ne4 13. Bxe7 Qxe7 14. Bxe4 dxe4 15. Nd2 f5 16. Rce1 Ng6 17. f3 exf3 18. Nxf3 Kh8 19. e4 f4 20. Qf2 Bg4 21. e5 Be6 22. Rd1 Rf8 23. Rfe1 Rad8 24. Ne4 Rf5 25. Nd6 Rh5 26. Rc1 Rf8 27. Rc3 Bd5 28. b4 Nh4 29. Nxh4 Rxh4 30. Ne4 Rh6 31. h3 Qe6 32. Rf3 Bxe4 33. Rxe4 g5 34. Qd2 Rd8 35. Re1 Rg6 36. Rd3 Qd5 37. Qe2 Qe6 38. Qe4 Rg7 39. Red1 Rd5 40. R3d2 Rf7 41. Rf1 Kg7 42. Kh2 Qf5 43. Qe2 Kg6 44. Kg1 Kg7 45. g4 Qg6 46. Kg2 Rfd7 47. Rfd1 h6 48. Kf3 a5 49. Qe4 axb4 50. axb4 Rb5 51. Rb2 Qe6 52. Qf5 Qd5+ 53. Qe4 Qc4 54. Rbd2 Qxb4 55. h4 Qb3+ 56. Rd3 Qd5 57. hxg5 hxg5 58. Rh1 Qxe4+ 59. Kxe4 Rbd5 60. Rh5 Kg6 61. Rh8 c5 62. Rg8+ Kf7 63. Rxg5 Rxd4+ 64. Rxd4 Rxd4+ 65. Kf5 f3 66. Rh5 f2 67. Rh7+ Kg8 68. Rh1 Kg7 69. Rf1 Rd2 0-1

[Event "Landesliga Nord 0910"]
[Site "Bayern"]
[Date "2010.04.11"]
[Round "9.1"]
[White "Goehring, Karl Heinz"]
[Black "Zvara, Petr"]
[Result "1/2-1/2"]
[WhiteElo "2305"]
[BlackElo "2420"]
[PlyCount "144"]
[EventDate "2009.10.18"]
[EventType "team-tourn"]
[EventRounds "9"]
[EventCountry "GER"]
[SourceTitle "EXT 2011"]
[Source "ChessBase"]
[SourceDate "2010.11.26"]
[SourceVersion "1"]
[SourceVersionDate "2010.11.26"]
[SourceQuality "1"]
[WhiteTeam "Bamberg"]
[BlackTeam "Schwandorf"]
[WhiteTeamCountry "GER"]
[BlackTeamCountry "GER"]

1. d4 Nf6 2. c4 c5 3. d5 d6 4. Nc3 g6 5. e4 Bg7 6. Nf3 0-0 7. Be2 e5 8. 0-0 Ne8 9. g3 f5 10. exf5 gxf5 11. Nh4 Nd7 12. f4 exf4 13. Bxf4 Ne5 14. Qd2 Ng6 15. Bg5 Bf6 16. Bxf6 Qxf6 17. Ng2 Bd7 18. Rf2 Qd4 19. Qg5 Qf6 20. Qd2 Qg7 21. Raf1 Nf6 22. Nf4 Ne4 23. Nxe4 fxe4 24. Nxg6 hxg6 25. Qg5 Rf5 26. Rxf5 gxf5 27. Qxg7+ Kxg7 28. g4 fxg4 29. Rf4 Re8 30. Bxg4 Bxg4 31. Rxg4+ Kf6 32. Kf2 Kf5 33. Rh4 Kg5 34. Rh7 e3+ 35. Ke2 Kf4 36. Rh4+ Kf5 37. Rh3 Rg8 38. Kxe3 Rg2 39. Rf3+ Ke5 40. Rf2 Rg5 41. b3 Rh5 42. Rf7 Rh3+ 43. Kd2 a6 44. Rxb7 Kd4 45. Rd7 Rxh2+ 46. Ke1 Rh1+ 47. Kd2 Rh6 48. Kc2 Rh2+ 49. Kd1 Kd3 50. Ke1 Rh6 51. Kf1 Rh1+ 52. Kf2 Rh2+ 53. Kf3 Rxa2 54. Rxd6 a5 55. Ra6 Kc3 56. Rc6 a4 57. bxa4 Kxc4 58. d6 Ra3+ 59. Ke4 Rxa4 60. Rc8 Kb5+ 61. Ke5 Rd4 62. Ke6 Re4+ 63. Kf7 Rf4+ 64. Ke7 Re4+ 65. Kd8 c4 66. Kc7 c3 67. d7 Rd4 68. d8Q Rxd8 69. Kxd8 Kb4 70. Kd7 Kb3 71. Kd6 c2 72. Kd5 Kb2 1/2-1/2

[Event "Landesliga Nord 0910"]
[Site "Bayern"]
[Date "2010.03.21"]
[Round "8.1"]
[White "Golda, Harald"]
[Black "Goehring, Karl Heinz"]
[Result "1-0"]
[WhiteElo "2230"]
[BlackElo "2305"]
[PlyCount "89"]
[EventDate "2009.10.18"]
[EventType "team-tourn"]
[EventRounds "9"]
[EventCountry "GER"]
[SourceTitle "EXT 2011"]
[Source "ChessBase"]
[SourceDate "2010.11.26"]
[SourceVersion "1"]
[SourceVersionDate "2010.11.26"]
[SourceQuality "1"]
[WhiteTeam "Schweinfurt"]
[BlackTeam "Bamberg"]
[WhiteTeamCountry "GER"]
[BlackTeamCountry "GER"]

1. d4 Nf6 2. Nf3 d5 3. c4 e6 4. Nc3 Be7 5. e3 0-0 6. Bd3 c5 7. 0-0 Nc6 8. b3 b6 9. Bb2 Bb7 10. Qe2 cxd4 11. exd4 Rc8 12. Rac1 Nb4 13. Bb1 Ba6 14. Nb5 Nc6 15. Rfd1 Qe8 16. Ne5 Bxb5 17. cxb5 Nxe5 18. dxe5 Nd7 19. a3 g6 20. b4 Rxc1 21. Rxc1 Qb8 22. Rc6 Rd8 23. Bd4 Bf8 24. Bd3 Bg7 25. f4 Re8 26. g3 f6 27. exf6 Bxf6 28. Bxf6 Nxf6 29. Rxe6 Kf7 30. Rxe8 Nxe8 31. f5 Qd6 32. Qf3 Nf6 33. fxg6+ hxg6 34. Qe2 d4 35. Qf3 Qe7 36. Kg2 Kg7 37. Qf4 Qb7+ 38. Kg1 Qd5 39. h4 Qd7 40. Qe5 Qg4 41. Kf2 Qd7 42. h5 Qe8 43. Qxe8 Nxe8 44. Bxg6 Nf6 45. Ke2 1-0

[Event "Landesliga Nord 0910"]
[Site "Bayern"]
[Date "2009.12.13"]
[Round "4.1"]
[White "Goehring, Karl Heinz"]
[Black "Forman, Stepan"]
[Result "1/2-1/2"]
[WhiteElo "2305"]
[BlackElo "2284"]
[PlyCount "92"]
[EventDate "2009.10.18"]
[EventType "team-tourn"]
[EventRounds "9"]
[EventCountry "GER"]
[SourceTitle "EXT 2011"]
[Source "ChessBase"]
[SourceDate "2010.11.26"]
[SourceVersion "1"]
[SourceVersionDate "2010.11.26"]
[SourceQuality "1"]
[WhiteTeam "Bamberg"]
[BlackTeam "Kulmbach"]
[WhiteTeamCountry "GER"]
[BlackTeamCountry "GER"]

1. d4 Nf6 2. c4 e6 3. Nf3 b6 4. g3 Ba6 5. b3 Bb4+ 6. Bd2 Qe7 7. Bg2 d5 8. 0-0 c6 9. Qc2 Nbd7 10. Bxb4 Qxb4 11. a3 Qd6 12. Nbd2 0-0 13. e4 dxe4 14. Nxe4 Nxe4 15. Qxe4 Rac8 16. Rfd1 Rfd8 17. Qc2 c5 18. Rd2 Nf6 19. Rad1 cxd4 20. Rxd4 Qe7 21. Qd3 Rxd4 22. Qxd4 Bb7 23. b4 Qc7 24. Ne5 Bxg2 25. Kxg2 a6 26. Kg1 Ne8 27. Nd7 Qxc4 28. Nxb6 Qxd4 29. Rxd4 Rc1+ 30. Kg2 Kf8 31. Nd7+ Ke7 32. Nc5 Nd6 33. a4 a5 34. Nb3 Nf5 35. Rf4 Rc2 36. Nxa5 Ne3+ 37. Kf3 Nd1 38. Rc4 Rxf2+ 39. Ke4 f5+ 40. Kd4 Rd2+ 41. Kc5 Nb2 42. Rh4 Nxa4+ 43. Kb5 Nb2 44. Rxh7 Rd5+ 45. Kc6 Rd6+ 46. Kc7 Rd7+ 1/2-1/2